Dart - Wszyscy uczestnicy world series of darts finals - Statystyki

Ogólne statystyki
  • Ten quiz został rozwiązany 73 razy
  • Średni wynik to 28 z 88
Statystyki odpowiedzi
Najlepszy wynik Lata udziału Kraj Pochodzenia Zawodnik % Poprawnych
Zwycięstwo 2015-2024 Holandia Michael Van Gerwen
98%
Zwycięstwo 2016-2024 Walia Gerwyn Price
97%
Zwycięstwo 2017, 2019, 2021-2024 Walia Jonny Clayton
92%
1 runda 2024 Anglia Luke Littler
84%
Półfinał 2023-2024 Anglia Luke Humphries
82%
Finał 2015-2024 Szkocja Peter Wright
77%
Półfinał 2019-2021, 2023 Polska Krzysztof Ratajski
74%
Finał 2019, 2021-2024 Holandia Danny Noppert
71%
Finał 2017-2020, 2023-2024 Anglia Rob Cross
71%
Finał 2015-2024 Anglia Michael Smith
65%
2 runda 2018-2020, 2022-2024 Australia Daymon Heta
61%
Półfinał 2015-2016 Anglia Phil Taylor
61%
Ćwierćfinał 2015, 2024 Anglia Stephen Bunting
61%
Finał 2015, 2017-2018, 2020-2024 Belgia Dimitri Van Den Bergh
58%
1 runda 2024 Holandia Gian Van Veen
58%
Finał 2019-2021,2023-2024 Anglia Nathan Aspinall
58%
1 runda 2018, 2024 Anglia Ross Smith
58%
Półfinał 2015-2019, 2023-2024 Holandia Raymond Van Barneveld
55%
Finał 2015-2019, 2021-2022 Szkocja Gary Anderson
53%
Półfinał 2016-2020, 2024 Irlandia Północna Daryl Gurney
52%
Ćwierćfinał 2015-2020, 2022-2024 Australia Simon Whitlock
52%
Finał 2021-2024 Holandia Dirk Van Duijvenbode
50%
Zwycięstwo 2015-2022 Anglia James Wade
50%
1 runda 2023 Niemcy Martin Schindler
50%
2 runda 2023 Irlandia William O'Connor
50%
1 runda 2019, 2021, 2023-2024 Niemcy Gabriel Clemens
48%
2 runda 2021 Łotwa Madars Razma
48%
Półfinał 2015-2016, 2018-2022, 2024 Anglia Dave Chisnall
47%
1 runda 2016 Irlandia Północna Brendan Dolan
45%
Ćwierćfinał 2016, 2021 Belgia Kim Huybrechts
45%
Ćwierćfinał 2016-2020 Austria Mensur Suljovic
45%
2 runda 2020 Litwa Darius Labanauskas
44%
2 runda 2015, 2017, 2024 Anglia Chris Dobey
42%
2 runda 2021, 2024 Portugalia Jose De Sousa
42%
1 runda 2019 Holandia Jermaine Wattimena
37%
Ćwierćfinał 2016, 2020, 2022 Anglia Joe Cullen
37%
1 runda 2024 Holandia Wessel Nijman
32%
1 runda 2024 Szkocja Cameron Menzies
31%
1 runda 2024 Irlandia Keane Barry
27%
Półfinał 2015-2017 Anglia Adrian Lewis
26%
2 runda 2022 Kanada Matt Campbell
26%
2 runda 2015 Austria Rowby John-Rodriguez
26%
1 runda 2015, 2022 RPA Devon Petersen
24%
1 runda 2024 Holandia Kevin Doets
23%
2 runda 2022 USA Leonard Gates
23%
2 runda 2015-2018 Niemcy Max Hopp
23%
Ćwierćfinał 2022 Anglia Ryan Joyce
23%
2 runda 2022-2024 Nowa Zelandia Haupai Puha
21%
1 runda 2024 Chorwacja Boris Krcmar
19%
1 runda 2016 Hiszpania Cristo Reyes
19%
Ćwierćfinał 2021 Holandia Niels Zonneveld
19%
2 runda 2020, 2023-2024 Kanada Jeff Smith
18%
2 runda 2015, 2017-2019 Australia Kyle Anderson
15%
Ćwierćfinał 2021 Anglia Mervyn King
15%
2 runda 2019, 2023 Anglia Ricky Evans
15%
2 runda 2016, 2018, 2020 Anglia Steve Beaton
13%
Ćwierćfinał 2015, 2018-2020 Anglia Ian White
11%
1 runda 2019, 2021 Holandia Jeffrey De Zwaan
11%
1 runda 2024 Szwecja Johan Engstrom
11%
1 runda 2021 Szkocja John Henderson
11%
Ćwierćfinał 2015, 2018 Walia Jamie Lewis
10%
1 runda 2016-2017 Holandia Jelle Klaasen
10%
1 runda 2024 Walia Rhys Griffin
10%
2 runda 2015-2016 Szkocja Robert Thornton
10%
1 runda 2022 USA Danny Baggish
8%
1 runda 2022 Australia Gordon Mathers
8%
1 runda 2017 Holandia Jan Dekker
8%
2 runda 2020-2022 Holandia Vincent Van Der Voort
8%
1 runda 2023 Niemcy Daniel Klose
6%
2 runda 2020-2022 Anglia Fallon Sherrock
6%
Ćwierćfinał 2020 Anglia Glen Durrant
6%
2 runda 2021 Holandia Maik Kuivenhoven
6%
2 runda 2015, 2017 Walia Mark Webster
6%
2 runda 2018 Australia Raymond Smith
6%
1 runda 2023 Anglia Graham Usher
5%
1 runda 2022 Anglia Jamie Hughes
5%
Ćwierćfinał 2015, 2018, 2023 Anglia Keegan Brown
5%
1 runda 2018 Honk Kong Roydem Lam
5%
Ćwierćfinał 2015-2016 Holandia Benito Van De Pas
3%
2 runda 2017 Australia Corey Cadby
3%
1 runda 2016 Anglia Josh Payne
3%
2 runda 2017 Anglia Simon Stevenson
3%
1 runda 2020 Anglia Harry Ward
2%
2 runda 2017 Anglia Justin Pipe
2%
1 runda 2018 Niemcy Maik Langendorf
2%
Ćwierćfinał 2015 Anglia Terry Jenkins
2%
1 runda 2019 Anglia Wayne Jones
2%
1 runda 2016 Anglia Joe Murnan
0%
Nie znaleziono quizów pasujących do podanych kryteriów
Rozkład punktacji
Procent ludzi z każdym wynikiem
Percentyl według liczby udzielonych odpowiedzi
Twoja historia wyników
Nie rozwiązałeś tego quizu